000 00317nam a22001217a 4500
020 _a8126507543
082 _222
_a005.7585
100 _aVieira, Robert.
245 _aBeginning SQL server 2005 programming /
260 _aNew Delhi,
_bWiley India,
_cc2006.
300 _axvii, 688 p. ;
_bill. ;
_c24 cm.
942 _2ddc
_cIT
999 _c339
_d339